Online
Catalog

Targum Jonatan de los profetas primeros en tradición babilonica / (Record no. 41374)

MARC details
000 -CABECERA
campo de control de longitud fija 00717nam a2200181 a 4500
001 - NÚMERO DE CONTROL
campo de control 000041885
005 - FECHA Y HORA DE LA ÚLTIMA TRANSACCIÓN
campo de control 20201002035818.0
008 - DATOS DE LONGITUD FIJA--INFORMACIÓN GENERAL
campo de control de longitud fija 131016s1987 sp 000 0 spa d
020 ## - NÚMERO INTERNACIONAL ESTÁNDAR DEL LIBRO
Número Internacional Estándar del Libro 8400064372
040 ## - FUENTE DE LA CATALOGACIÓN
Centro catalogador/agencia de origen DO-SdBNP
Lengua de catalogación spa
Centro/agencia transcriptor BNPHU
245 13 - MENCIÓN DE TÍTULO
Título Targum Jonatan de los profetas primeros en tradición babilonica /
Mención de responsabilidad, etc. editado por Emiliano Martínez Borobio.
260 ## - PUBLICACIÓN, DISTRIBUCIÓN, ETC.
Lugar de publicación, distribución, etc. Madrid :
Nombre del editor, distribuidor, etc. Consejo Superior de Investigaciones Científicas,
Fecha de publicación, distribución, etc. 1987.
300 ## - DESCRIPCIÓN FÍSICA
Extensión 388 p ;
Dimensiones 25 cm.
490 1# - MENCIÓN DE SERIE
Mención de serie Textos y estudios Cardenal Cisneros
Designación de volumen o secuencia 38
505 0# - NOTA DE CONTENIDO CON FORMATO
Nota de contenido con formato v. II: I -II
Título Samuel /
Información miscelánea V. III: I-II
Título Reyes /
710 2# - PUNTO DE ACCESO ADICIONAL--NOMBRE DE ENTIDAD CORPORATIVA
Nombre de entidad corporativa o nombre de jurisdicción como elemento de entrada Consejo Superior de Investigaciones Científicas,
9 (RLIN) 4786
830 #0 - PUNTO DE ACCESO ADICIONAL DE SERIE-TÍTULO UNIFORME
Título uniforme Texto en hebreo, prefacio en español
Designación de volumen o secuencia 38
9 (RLIN) 68578
Holdings
Estado de retiro Estado de pérdida Restricciones de uso No para préstamo Código de colección Localización permanente Ubicación/localización actual Ubicación en estantería Fecha de adquisición Número de inventario Total de préstamos Signatura topográfica completa Código de barras Fecha visto por última vez Precio válido a partir de Tipo de ítem Koha
      Excluido de préstamo Monografías: Libros y Folletos General General Depósito 21.10.2013 LF1   v. 1, e. 2 41885-10 25.06.2020 25.06.2020 No se presta
      Excluido de préstamo Monografías: Libros y Folletos General General Depósito 21.10.2013 LF1   41885-20 25.06.2020 25.06.2020 No se presta
      Excluido de préstamo Monografías: Libros y Folletos General General Depósito 23.10.2013 LF1   41885-30 25.06.2020 25.06.2020 No se presta

Powered by Koha